| 000 | 00787nam a2200265Ia 4500 | ||
|---|---|---|---|
| 003 | OSt | ||
| 005 | 20221005091725.0 | ||
| 006 | a|||||r|||| 00| 0 | ||
| 007 | ta | ||
| 008 | 221004b |||||||| |||| 00| 0 eng d | ||
| 020 |
_a9780007144747 (pbk) _cIndian Rupees 99 |
||
| 024 | _a70865 | ||
| 037 |
_bGift, 12/12/2021, _cTextual |
||
| 040 |
_aCRL _cCRL _beng |
||
| 041 |
_2eng _aeng |
||
| 082 | _aO111,3, N8 | ||
| 100 |
_aKatschke Judy Au. _9616532 |
||
| 245 | 0 |
_aMary - kateandashley two of a kind _b two's a crowd |
|
| 260 |
_aNew York _bParachute Press Book USA _c1998 |
||
| 300 |
_a101p. _ccm. |
||
| 650 | _a ENGLISH LITERATURE | ||
| 650 | _aENGLISH FICTION | ||
| 942 |
_hO111,3, N8 _cTEXL _2cc |
||
| 999 |
_c997686 _d997686 |
||